00696nam a2200121Ia 4500008004100000020001800041100009400059245025000153260002700403650001300430650008900443856004200532171212s9999 xx 000 0 und d a9780833047816 aJohnson, David E.;Moroney, Jennifer D. P.;Cliff, Roger;Markel, M. Wade;Smallman, Laurence cJohnson, David E.;Moroney, Jennifer D. P.;Cliff, Roger;Markel, M. Wade;Smallman, LaurenceaPreparing and Training for the Full Spectrum of Military ChallengesbInsights from the Experiences of China, France, the United Kingdom, India, and Israel bRAND Corporationc2009 aBusiness aMilitary planning; Operational readiness (Military science); Soldiers -- Training of uwww.jstor.org/stable/10.7249/mg836osd